[Event "CHN-ch U20"]
[Site "Shenzhen"]
[Date "2023.08.01"]
[Round "10"]
[White "Lin, Junyi"]
[Black "Zhou, Ziyu"]
[Result "1-0"]
[WhiteElo "1710"]
[BlackElo "1314"]
[PlyCount "53"]
[EventDate "2023.07.28"]
[EventType "swiss"]
[EventRounds "11"]
[EventCountry "CHN"]
[SourceTitle "CBM 215 Extra"]
[Source "ChessBase"]
[SourceDate "2023.09.30"]
[SourceVersion "1"]
[SourceVersionDate "2023.09.30"]
[SourceQuality "1"]

1. d4 Nf6 2. Bg5 d5 3. Nf3 e6 4. e3 Nbd7 5. Bd3 h6 6. Bh4 Be7 7. c4 c6 8. Nc3 dxc4 9. Bxc4 Nb6 10. Bd3 Nfd5 11. Bg3 Nxc3 12. bxc3 Nd5 13. Qd2 Qa5 14. Rc1 Ba3 15. Rb1 b5 16. Rb3 Nxc3 17. Qxc3 Qxc3+ 18. Rxc3 Bb4 19. Kd2 Bxc3+ 20. Kxc3 Ke7 21. Rc1 Bb7 22. Kb4 Rac8 23. Rc5 f6 24. Nd2 Rhd8 25. Be4 g5 26. Bf3 Kd7 27. Nb3 1-0